000
00332nam a2200133Ia 4500
008
231129s1990||||xx |||||||||||||| ||spa||
040
_b
spa
082
_a
923.41 R579L
100
_a
Rincón Fabio
245
0
_a
Leyenda y verdad de El Mejicano
260
_c
1990
264
_a
Bogota Colombia: Aquí y ahora
942
_2
ddc
_c
BKS
999
_c
19188
_d
19188